<?xml version="1.0" encoding="UTF-8"?>
<marc:record xmlns:marc="http://www.loc.gov/MARC21/slim">
   <marc:leader>00000nam a2200000 a 4500</marc:leader>
   <marc:datafield ind1="1" ind2=" " tag="100">
      <marc:subfield code="a">Premper, Volker</marc:subfield>
      <marc:subfield code="4">aut</marc:subfield>
      <marc:subfield code="e">Verfasser/-in</marc:subfield>
   </marc:datafield>
   <marc:datafield ind1="1" ind2=" " tag="100">
      <marc:subfield code="a">Sobottka, Bernd</marc:subfield>
      <marc:subfield code="4">aut</marc:subfield>
      <marc:subfield code="e">Verfasser/-in</marc:subfield>
   </marc:datafield>
   <marc:datafield ind1=" " ind2=" " tag="653">
      <marc:subfield code="a">Spielsucht</marc:subfield>
   </marc:datafield>
   <marc:datafield ind1=" " ind2=" " tag="653">
      <marc:subfield code="a">Kognitive Verhaltenstherapie</marc:subfield>
   </marc:datafield>
   <marc:datafield ind1=" " ind2=" " tag="653">
      <marc:subfield code="a">Gruppentherapie</marc:subfield>
   </marc:datafield>
   <marc:datafield ind1=" " ind2=" " tag="653">
      <marc:subfield code="a">Vorlage</marc:subfield>
   </marc:datafield>
   <marc:datafield ind1=" " ind2=" " tag="653">
      <marc:subfield code="a">Glücksspiel</marc:subfield>
   </marc:datafield>
   <marc:datafield ind1=" " ind2=" " tag="653">
      <marc:subfield code="a">Glücksspielsucht</marc:subfield>
   </marc:datafield>
   <marc:datafield ind1=" " ind2=" " tag="653">
      <marc:subfield code="a">Pathologisches Glücksspiel</marc:subfield>
   </marc:datafield>
   <marc:datafield ind1=" " ind2=" " tag="653">
      <marc:subfield code="a">Sucht</marc:subfield>
   </marc:datafield>
   <marc:datafield ind1=" " ind2=" " tag="653">
      <marc:subfield code="a">Abhängigkeit</marc:subfield>
   </marc:datafield>
   <marc:datafield ind1=" " ind2=" " tag="653">
      <marc:subfield code="a">Verhaltenssucht</marc:subfield>
   </marc:datafield>
   <marc:datafield ind1=" " ind2=" " tag="653">
      <marc:subfield code="a">Psychische Störung</marc:subfield>
   </marc:datafield>
   <marc:datafield ind1=" " ind2=" " tag="653">
      <marc:subfield code="a">Psychotherapie</marc:subfield>
   </marc:datafield>
   <marc:datafield ind1=" " ind2=" " tag="653">
      <marc:subfield code="a">Verhaltenstherapie</marc:subfield>
   </marc:datafield>
   <marc:datafield ind1=" " ind2=" " tag="653">
      <marc:subfield code="a">Glücksspielabhängige</marc:subfield>
   </marc:datafield>
   <marc:datafield ind1=" " ind2=" " tag="653">
      <marc:subfield code="a">Glücksspielproblematik</marc:subfield>
   </marc:datafield>
   <marc:datafield ind1=" " ind2=" " tag="653">
      <marc:subfield code="a">Softcover / Psychologie/Angewandte Psychologie</marc:subfield>
   </marc:datafield>
   <marc:datafield ind1=" " ind2=" " tag="653">
      <marc:subfield code="a">Beispielsammlung</marc:subfield>
   </marc:datafield>
   <marc:datafield ind1="0" ind2="0" tag="245">
      <marc:subfield code="a">Pathologisches Glücksspielen</marc:subfield>
   </marc:datafield>
   <marc:datafield ind1="0" ind2="0" tag="245">
      <marc:subfield code="b">ein kognitiv-verhaltenstherapeutisches Behandlungsmanual ; mit E-Book inside und Arbeitsmaterial</marc:subfield>
   </marc:datafield>
   <marc:datafield ind1="0" ind2="0" tag="245">
      <marc:subfield code="c">Volker Premper ; Bernd Sobottka</marc:subfield>
   </marc:datafield>
   <marc:datafield ind1=" " ind2="1" tag="264">
      <marc:subfield code="a">Weinheim</marc:subfield>
      <marc:subfield code="b">Beltz</marc:subfield>
      <marc:subfield code="c">2015</marc:subfield>
   </marc:datafield>
   <marc:datafield ind1=" " ind2=" " tag="250">
      <marc:subfield code="a">1. Aufl.</marc:subfield>
   </marc:datafield>
   <marc:datafield ind1="1" ind2=" " tag="520">
      <marc:subfield code="a">Angaben aus der Verlagsmeldung

Pathologisches Glücksspielen : Ein kognitiv-verhaltenstherapeutisches Behandlungsmanual. Mit E-Book inside und Arbeitsmaterial / von Volker Premper, Bernd Sobottka

Glücksspielen nimmt pathologische Züge an, wenn der Wunsch nach Verlassen der Realität und Vergessen von Problemen übermächtig wird. Die Betroffenen erfinden Ausreden, verstricken sich in Lügen und setzen Geldmittel ein, die sie nicht haben. Es entwickelt sich ein Zwang, verloren gegangenes Geld wiedergewinnen zu müssen. So entsteht ein Teufelskreis aus Lügen, Spielen und Verlieren.
Das verhaltenstherapeutische Behandlungsprogramm vermittelt Therapeuten in 10 Basismodulen, wie sie ihre Klienten wirksam unterstützen können, aus diesem Teufelskreis auszubrechen.

Pathologisches Glücksspielen kommt besonders bei jungen Männern immer häufiger vor. Die Betroffenen geraten in Geldprobleme und Konflikte mit ihrer Umwelt, da sie verlorenes Geld immer wieder »beschaffen« wollen. Das Glücksspielen nimmt das Denken und Handeln zunehmend in Anspruch. Das führt zur Zerrüttung der sozialen Beziehungen, Verschuldung, Arbeitsplatz- und Selbstwertproblemen, psychische Krisen drohen.
Neben dem Gruppenprogramm gehen Premper und Sobottka in ihrem Behandlungsmanual auf die Besonderheiten der Einzelbehandlung, des Beratungssettings sowie der Nachsorgebehandlung ein. Die 10 Basismodule können durch 9 optionale Module ergänzt werden.

Aus dem Inhalt:
Psychoedukation/Information
Motivationale Klärung
Formulierung individueller Veränderungsziele
Verhaltensdiagnostik des Glücksspielverhaltens
Selbstmanagement - Aufbau von Alternativverhalten
Verhaltensdiagnostik des Interaktionsverhaltens
Korrektur kognitiver Fehlannahmen
Geldmanagement
Rückfallprävention I – Umgehen mit Spielverlangen
Rückfallprävention II – Umgehen mit Lebensveränderungen und Risikosituationen
</marc:subfield>
   </marc:datafield>
   <marc:datafield ind1=" " ind2=" " tag="020">
      <marc:subfield code="a">9783621282161</marc:subfield>
      <marc:subfield code="9">9783621282161</marc:subfield>
   </marc:datafield>
   <marc:datafield ind1=" " ind2=" " tag="020">
      <marc:subfield code="a">3621282165</marc:subfield>
      <marc:subfield code="9">3621282165</marc:subfield>
   </marc:datafield>
   <marc:datafield ind1=" " ind2=" " tag="041">
      <marc:subfield code="a">ger</marc:subfield>
   </marc:datafield>
   <marc:datafield ind1=" " ind2=" " tag="300">
      <marc:subfield code="a">292 S.</marc:subfield>
   </marc:datafield>
</marc:record>
